• 首页
  • 本馆介绍
  • 公告通知
  • 最新文献
  • 馆藏检索
  • 电子资源
  • 读者导购
  • 参考咨询
  • 我的图书馆
  • 登录
  • 详细信息显示
  • 放入我的书架
  • 预约/预借图书
  • 作者相关作品
  • 分类相关作品
  • 丛书相关作品
  • 出版社相关作品

书目信息

  • 表格格式
  • 工作单格式
  • 卡片格式
题名:
编辑杂谈
    
 
作者: ;北京出版社 编
分册:  
出版信息: 北京   北京出版社  1981.10
页数: 226页
开本: 19cm
丛书名:
单 册:
中图分类: G232.2
科图分类:
主题词: 出版工作
电子资源:
ISBN:
000 00510nam0 2200193 45
001 0181015388
005 20060803153245.06
010    @dCNY0.57
091    @a17071.11
100    @a20810111d km y0chiy0120 ea
101 0  @achi
200 1  @a编辑杂谈@Abian ji za tan@f本社编@FBen She Bian
210    @a北京@c北京出版社@d1981.10
215    @a226页@d19cm
606 0  @a出版工作
690    @aG232.2@v3
711 02 @a北京出版社@ABei Jing Chu Ban She@4编
801    @aCN@bTSTC@c20060803
905    @dG232.2@e35@f1@b57380
    
    编辑杂谈/本社编.-北京:北京出版社,1981.10
    226页;19cm
    
    
    ISBN :CNY0.57
    
●
相关链接 在E读中查询图书 在五车中查询图书 在当当中查询图书 在豆瓣中查询图书


正题名:编辑杂谈     索取号:G232.2/35         预约/预借

序号 登录号 条形码 馆藏地/架位号 状态 备注
1 0057380   001315865   第四借阅区/ [索取号:G232.2/35] 在馆    
2 0057381   001775476   密集书库/ [索取号:G232.2/35] 在馆    
3 0057382   001315829   第一样本阅览室/ [索取号:G232.2/35] 在馆    
4 0446657   204466577   密集书库/ [索取号:G232.2/35] 在馆    
唐山师范学院图书馆 欢迎您!
大连网信软件有限公司© 版权所有